Statistics for Footballers from Concacaf in Europes Top 5 Leagues

Click here to take the quiz!

General Stats

  • This quiz has been taken 59 times
  • The average score is 19 of 50

Answer Stats

CountryClubAnswer% Correct
CanadaBayern MunichAlphonso Davies
96%
United StatesChelseaChristian Pulisic
92%
United StatesJuventusWeston McKennie
88%
HondurasCadizChoco Lozano
86%
MexicoNapoliHirving Lozano
86%
CanadaLOSC LilleJonathan David
84%
Costa RicaParis Saint-GermainKeylor Navas
84%
MexicoWolverhampton WanderersRaúl Jiménez
84%
JamaicaAston VillaLeon Bailey
80%
JamaicaWest Ham UnitedMichail Antonio
76%
United StatesAC MilanSergiño Dest
76%
United StatesLeeds UnitedBrenden Aaronson
73%
United StatesBorussia DortmundGiovanni Reyna
71%
United StatesLeeds UnitedTyler Adams
71%
Dominican RepublicReal MadridMariano Díaz
63%
MexicoReal BetisAndrés Guardado
61%
United StatesValencia CFYunus Musah
59%
United StatesArsenal
Matt Turner
51%
United StatesLOSC LilleTimothy Weah
47%
SurinameUnion BerlinSheraldo Becker
45%
JamaicaFulhamBobby Reid
43%
United StatesFulhamAntonee Robinson
41%
United StatesFulhamTim Ream
41%
Dominican RepublicLeeds UnitedJunior Firpo
39%
United StatesEintracht FrankfurtTimothy Chandler
33%
United StatesBorussia MönchengladbachJoe Scally
29%
JamaicaBrentford FCEthan Pinnock
27%
United StatesCrystal PalaceChris Richards
24%
United StatesUnion BerlinJordan
24%
United StatesCelta VigoLuca de la Torre
24%
MexicoSevillaTecatito
22%
United StatesTroyesErik Palmer-Brown
18%
CanadaTroyesIké Ugbo
14%
United StatesVfl WolfsburgKevin Paredes
14%
MexicoCromeneseJohan Vásquez
12%
MontserratNottingham ForestLyle Taylor
12%
GrenadaBrentford FCShandon Baptiste
12%
GuadeloupeValencia CFDimitri Foulquier
8%
GuadeloupeAC AjaccioMickaël Alphonse
6%
MartiniqueReal ValladolidMickaël Malsa
6%
GuadeloupeStade ReimsAndreaw Gravillon
4%
JamaicaBournemouthJamal Lowe
4%
HaitiRC StrasbourgAlexandre Pierre
2%
GuadeloupeAC AjaccioCédric Avinel
2%
MartiniqueBrestChristophe Hérelle
2%
MartiniqueSassuoloGrégoire Defrel
2%
JamaicaToulouseJunior Flemmings
2%
French GuianaOlympique LyonKayne Bonnevie
2%
French GuianaTroyesYoann Salmier
2%
French GuianaAJ AuxerreDonovan Léon
0%

Score Distribution

Percentile by Number Answered

Percent of People with Each Score

Your Score History

You have not taken this quiz